Drapeaux en 30 secondes #2 - Statistiques

Statistiques générales
  • Ce quiz a été pris 354 fois
  • Le résultat moyen est 10 sur 15
Statistiques - réponses
Hint Réponse % Correct
Pologne 🇵🇱
76%
Albanie 🇦🇱
76%
Suede 🇸🇪
75%
Finlande 🇫🇮
75%
Autriche 🇦🇹
74%
Norvege 🇳🇴
72%
Macédoine 🇲🇰
67%
République tchèque 🇨🇿
66%
Bosnie-Herzégovine 🇧🇦
62%
Hongrie 🇭🇺
61%
Suisse 🇨🇭
59%
Croatie 🇭🇷
52%
Slovénie 🇸🇮
49%
Slovaquie 🇸🇰
49%
Serbie 🇷🇸
46%
Aucun quiz correspondant
Distribution des résultats
% des personnes avec chaque résultat
Percentile par nombre de réponses
Votre historique - résultats
Vous n’avez pas pris ce quiz